[Event "Rapid 2018"]
[Site "Saint-Petersburg"]
[Date "2018.12.28"]
[Round "14"]
[Board "90"]
[White "Pogosyan Stefan (RUS)"]
[Black "Gordievsky Dmitry (RUS)"]
[Result "1/2-1/2"]
[BlackElo "2496"]
[WhiteElo "2353"]
[LiveChessVersion "1.4.8"]

1. d4 {[%clk 0:14:58]} f5 {[%clk 0:15:17]} 2. c4 {[%clk 0:15:04]} Nf6
{[%clk 0:15:25]} 3. Nc3 {[%clk 0:15:07]} d6 {[%clk 0:15:34]} 4. Nf3
{[%clk 0:15:14]} g6 {[%clk 0:15:42]} 5. g3 {[%clk 0:15:18]} Bg7 {[%clk 0:15:50]}
6. Bg2 {[%clk 0:15:27]} O-O {[%clk 0:15:58]} 7. O-O {[%clk 0:15:34]} c6
{[%clk 0:16:06]} 8. d5 {[%clk 0:15:28]} e5 {[%clk 0:16:14]} 9. dxe6
{[%clk 0:15:25]} Bxe6 {[%clk 0:16:23]} 10. b3 {[%clk 0:15:12]} Na6
{[%clk 0:16:31]} 11. Bb2 {[%clk 0:15:06]} Nc5 {[%clk 0:16:35]} 12. Qc2
{[%clk 0:15:07]} Qe7 {[%clk 0:16:39]} 13. Rad1 {[%clk 0:15:11]} Rad8
{[%clk 0:16:44]} 14. Rfe1 {[%clk 0:14:39]} Bc8 {[%clk 0:16:21]} 15. e3
{[%clk 0:14:18]} Nce4 {[%clk 0:15:57]} 16. Nxe4 {[%clk 0:13:28]} fxe4
{[%clk 0:15:52]} 17. Nd4 {[%clk 0:13:16]} Ng4 {[%clk 0:15:23]} 18. Rd2
{[%clk 0:13:17]} d5 {[%clk 0:15:15]} 19. cxd5 {[%clk 0:12:43]} cxd5
{[%clk 0:15:23]} 20. Red1 {[%clk 0:10:22]} a6 {[%clk 0:14:00]} 21. h3
{[%clk 0:06:56]} Ne5 {[%clk 0:13:59]} 22. Ne2 {[%clk 0:07:04]} Nf3+
{[%clk 0:05:50]} 23. Bxf3 {[%clk 0:06:52]} exf3 {[%clk 0:05:59]} 24. Nf4
{[%clk 0:06:02]} Bf5 {[%clk 0:06:06]} 25. Qc1 {[%clk 0:06:08]} Rc8
{[%clk 0:05:45]} 26. Qa1 {[%clk 0:06:17]} Bh6 {[%clk 0:02:48]} 27. Rxd5
{[%clk 0:05:21]} Bxf4 {[%clk 0:02:44]} 28. exf4 {[%clk 0:05:08]} Bxh3
{[%clk 0:02:41]} 29. Re1 {[%clk 0:03:52]} Qf7 {[%clk 0:02:37]} 30. Qd1
{[%clk 0:03:46]} h5 {[%clk 0:01:16]} 31. Qxf3 {[%clk 0:01:54]} Rfe8
{[%clk 0:01:08]} 32. Rxe8+ {[%clk 0:01:06]} Rxe8 {[%clk 0:01:16]} 33. Qc3
{[%clk 0:00:43]} Kh7 {[%clk 0:01:24]} 34. Rc5 {[%clk 0:00:52]} Bd7
{[%clk 0:00:32]} 35. Rc7 {[%clk 0:01:00]} Kh6 {[%clk 0:00:25]} 36. Qd4
{[%clk 0:00:53]} Bc6 {[%clk 0:00:34]} 37. Qg7+ {[%clk 0:00:29]} Qxg7
{[%clk 0:00:42]} 38. Bxg7+ {[%clk 0:00:38]} Kh7 {[%clk 0:00:51]} 39. Bf6+
{[%clk 0:00:47]} Kg8 {[%clk 0:01:01]} 40. f3 {[%clk 0:00:29]} Re2
{[%clk 0:00:47]} 41. Rg7+ {[%clk 0:00:26]} Kf8 {[%clk 0:00:56]} 42. Rxg6
{[%clk 0:00:35]} Bxf3 {[%clk 0:00:42]} 43. a4 {[%clk 0:00:20]} Kf7
{[%clk 0:00:45]} 44. Rh6 {[%clk 0:00:29]} Rg2+ {[%clk 0:00:32]} 45. Kf1
{[%clk 0:00:38]} Rxg3 {[%clk 0:00:41]} 46. Kf2 {[%clk 0:00:28]} Rh3
{[%clk 0:00:49]} 47. Bg5 {[%clk 0:00:18]} Bc6 {[%clk 0:00:45]} 48. b4
{[%clk 0:00:15]} Rf3+ {[%clk 0:00:17]} 49. Ke2 {[%clk 0:00:21]} Rb3
{[%clk 0:00:16]} 50. f5 {[%clk 0:00:27]} Rxb4 {[%clk 0:00:18]} 51. a5
{[%clk 0:00:15]} Re4+ {[%clk 0:00:21]} 52. Kd2 {[%clk 0:00:11]} Re5
{[%clk 0:00:28]} 53. Rf6+ {[%clk 0:00:20]} Kg7 {[%clk 0:00:36]} 54. Rg6+
{[%clk 0:00:29]} Kf7 {[%clk 0:00:37]} 55. Rf6+ {[%clk 0:00:38]} Ke8
{[%clk 0:00:28]} 56. Re6+ {[%clk 0:00:46]} 1/2-1/2

[Event "Rapid 2018"]
[Site "Saint-Petersburg"]
[Date "2018.12.28"]
[Round "14"]
[Board "91"]
[White "Vaisser Anatoli (FRA)"]
[Black "Ovchinnikov Vsevolod (RUS)"]
[Result "1-0"]
[BlackElo "2330"]
[WhiteElo "2530"]
[LiveChessVersion "1.4.8"]

1. d4 {[%clk 0:15:19]} Nf6 {[%clk 0:15:18]} 2. c4 {[%clk 0:15:26]} g6
{[%clk 0:15:27]} 3. Nc3 {[%clk 0:15:35]} d5 {[%clk 0:15:35]} 4. cxd5
{[%clk 0:15:39]} Nxd5 {[%clk 0:15:44]} 5. e4 {[%clk 0:15:48]} Nxc3
{[%clk 0:15:52]} 6. bxc3 {[%clk 0:15:56]} Bg7 {[%clk 0:16:00]} 7. Bg5
{[%clk 0:16:05]} c5 {[%clk 0:15:42]} 8. Rc1 {[%clk 0:16:11]} O-O {[%clk 0:15:28]}
9. Nf3 {[%clk 0:16:04]} Bg4 {[%clk 0:15:27]} 10. d5 {[%clk 0:15:47]} Nd7
{[%clk 0:13:43]} 11. Be2 {[%clk 0:14:17]} h6 {[%clk 0:10:47]} 12. Be3
{[%clk 0:14:05]} f5 {[%clk 0:08:30]} 13. exf5 {[%clk 0:13:56]} Bxf5
{[%clk 0:08:19]} 14. O-O {[%clk 0:12:28]} g5 {[%clk 0:07:59]} 15. Qb3
{[%clk 0:10:42]} b6 {[%clk 0:07:45]} 16. Rcd1 {[%clk 0:09:46]} Kh8
{[%clk 0:07:06]} 17. Rfe1 {[%clk 0:08:58]} Qc7 {[%clk 0:06:15]} 18. Nd2
{[%clk 0:08:33]} Nf6 {[%clk 0:04:55]} 19. f3 {[%clk 0:07:32]} Rad8
{[%clk 0:04:24]} 20. c4 {[%clk 0:07:29]} e6 {[%clk 0:04:11]} 21. Nf1
{[%clk 0:06:58]} Rfe8 {[%clk 0:03:03]} 22. Bf2 {[%clk 0:06:43]} exd5
{[%clk 0:01:07]} 23. cxd5 {[%clk 0:06:50]} Bh7 {[%clk 0:01:06]} 24. Bc4
{[%clk 0:06:01]} Rxe1 {[%clk 0:00:37]} 25. Bxe1 {[%clk 0:05:44]} Ne8
{[%clk 0:00:39]} 26. Bg3 {[%clk 0:05:44]} Nd6 {[%clk 0:00:43]} 27. Nd2
{[%clk 0:05:33]} Qf7 {[%clk 0:00:32]} 28. Bxd6 {[%clk 0:03:30]} Rxd6
{[%clk 0:00:41]} 29. Re1 {[%clk 0:03:37]} Rd8 {[%clk 0:00:24]} 30. Ne4
{[%clk 0:02:53]} Bd4+ {[%clk 0:00:19]} 31. Kh1 {[%clk 0:02:45]} Qf4
{[%clk 0:00:23]} 32. g3 {[%clk 0:02:45]} Qf5 {[%clk 0:00:19]} 33. Kg2
{[%clk 0:02:33]} Qe5 {[%clk 0:00:15]} 34. Re2 {[%clk 0:02:29]} g4
{[%clk 0:00:14]} 35. Nf2 {[%clk 0:01:53]} gxf3+ {[%clk 0:00:21]} 36. Qxf3
{[%clk 0:02:01]} Qg7 {[%clk 0:00:13]} 37. Nh3 {[%clk 0:01:45]} Rf8
{[%clk 0:00:15]} 38. Nf4 {[%clk 0:01:40]} Bf5 {[%clk 0:00:19]} 39. h3
{[%clk 0:01:37]} Qg5 {[%clk 0:00:18]} 40. Kh2 {[%clk 0:01:23]} Qf6
{[%clk 0:00:14]} 41. Bd3 {[%clk 0:01:24]} Bxd3 {[%clk 0:00:13]} 42. Qxd3
{[%clk 0:01:28]} Rg8 {[%clk 0:00:14]} 43. Re6 {[%clk 0:01:31]} Qg7
{[%clk 0:00:14]} 44. Ng6+ {[%clk 0:01:27]} Kh7 {[%clk 0:00:22]} 45. Re7
{[%clk 0:01:30]} 1-0

[Event "Rapid 2018"]
[Site "Saint-Petersburg"]
[Date "2018.12.28"]
[Round "14"]
[Board "92"]
[White "Vlassov Nikolai (RUS)"]
[Black "Perdomo Carlos Andres (COL)"]
[Result "1-0"]
[BlackElo "2301"]
[WhiteElo "2492"]
[LiveChessVersion "1.4.8"]

1. e4 c5 {[%clk 0:14:19]} 2. c3 {[%clk 0:15:28]} Nf6 {[%clk 0:14:22]} 3. e5
{[%clk 0:15:37]} Nd5 {[%clk 0:14:31]} 4. d4 {[%clk 0:15:46]} cxd4
{[%clk 0:14:33]} 5. cxd4 {[%clk 0:15:54]} e6 {[%clk 0:14:36]} 6. Nc3
{[%clk 0:16:03]} Nxc3 {[%clk 0:14:12]} 7. bxc3 {[%clk 0:16:12]} d6
{[%clk 0:14:17]} 8. f4 {[%clk 0:16:20]} dxe5 {[%clk 0:13:42]} 9. fxe5
{[%clk 0:16:28]} Qh4+ {[%clk 0:13:44]} 10. Ke2 {[%clk 0:16:28]} Bd7
{[%clk 0:13:11]} 11. Nf3 {[%clk 0:16:36]} Qd8 {[%clk 0:10:58]} 12. Kf2
{[%clk 0:16:38]} Be7 {[%clk 0:11:01]} 13. Bd3 {[%clk 0:16:46]} Bc6
{[%clk 0:10:27]} 14. Rf1 {[%clk 0:15:26]} Nd7 {[%clk 0:08:22]} 15. Kg1
{[%clk 0:15:34]} O-O {[%clk 0:06:55]} 16. Qc2 {[%clk 0:15:33]} h6
{[%clk 0:06:53]} 17. Be3 {[%clk 0:15:23]} Rc8 {[%clk 0:06:52]} 18. Qd2
{[%clk 0:15:20]} Bxf3 {[%clk 0:05:59]} 19. Rxf3 {[%clk 0:15:27]} Bg5
{[%clk 0:06:08]} 20. Raf1 {[%clk 0:15:20]} Bxe3+ {[%clk 0:02:06]} 21. Qxe3
{[%clk 0:15:29]} Rxc3 {[%clk 0:02:05]} 22. Bh7+ {[%clk 0:15:00]} Kxh7
{[%clk 0:02:14]} 23. Qxc3 {[%clk 0:15:08]} Kg8 {[%clk 0:01:33]} 24. Qe3
{[%clk 0:13:46]} Qe7 {[%clk 0:01:02]} 25. Rg3 {[%clk 0:13:42]} Kh8
{[%clk 0:01:05]} 26. Rf4 {[%clk 0:13:33]} f5 {[%clk 0:00:37]} 27. exf6
{[%clk 0:13:36]} Rxf6 {[%clk 0:00:36]} 28. Rxf6 {[%clk 0:13:35]} Nxf6
{[%clk 0:00:44]} 29. Qe5 {[%clk 0:13:13]} Qb4 {[%clk 0:00:43]} 30. h3
{[%clk 0:12:53]} Qb1+ {[%clk 0:00:41]} 31. Kh2 {[%clk 0:13:01]} Qxa2
{[%clk 0:00:50]} 32. Qb8+ {[%clk 0:13:00]} Kh7 {[%clk 0:00:51]} 33. Qxb7
{[%clk 0:13:08]} Nh5 {[%clk 0:00:57]} 34. Qe4+ {[%clk 0:13:09]} Kg8
{[%clk 0:01:03]} 35. Rc3 {[%clk 0:13:06]} Qd5 {[%clk 0:00:39]} 36. Rc8+
{[%clk 0:11:38]} Kf7 {[%clk 0:00:46]} 37. Rc7+ {[%clk 0:11:46]} Kg8
{[%clk 0:00:45]} 38. Qxd5 {[%clk 0:11:46]} exd5 {[%clk 0:00:54]} 39. Rxa7
{[%clk 0:11:54]} Nf4 {[%clk 0:00:43]} 40. Rd7 {[%clk 0:11:48]} Kh7
{[%clk 0:00:37]} 41. g3 {[%clk 0:11:54]} Ne2 {[%clk 0:00:38]} 42. Rxd5
{[%clk 0:12:02]} Kg6 {[%clk 0:00:47]} 43. Kg2 {[%clk 0:11:35]} Kf6
{[%clk 0:00:53]} 44. Kf3 {[%clk 0:11:29]} Ng1+ {[%clk 0:00:57]} 45. Kg4
{[%clk 0:10:42]} g6 {[%clk 0:01:01]} 46. Rd6+ {[%clk 0:10:47]} Kf7
{[%clk 0:01:10]} 47. h4 {[%clk 0:10:33]} 1-0

[Event "Rapid 2018"]
[Site "Saint-Petersburg"]
[Date "2018.12.28"]
[Round "14"]
[Board "94"]
[White "Apryshko Gleb (RUS)"]
[Black "Gaifullin Artur (RUS)"]
[Result "1-0"]
[BlackElo "2156"]
[WhiteElo "2420"]
[LiveChessVersion "1.4.8"]

1. e4 {[%clk 0:13:08]} c6 {[%clk 0:15:19]} 2. d3 {[%clk 0:12:59]} d5
{[%clk 0:15:06]} 3. Nd2 {[%clk 0:13:08]} e5 {[%clk 0:14:18]} 4. Ngf3
{[%clk 0:13:16]} Bd6 {[%clk 0:14:27]} 5. g3 {[%clk 0:13:25]} Nf6 {[%clk 0:14:33]}
6. Bg2 {[%clk 0:13:34]} O-O {[%clk 0:14:41]} 7. O-O {[%clk 0:13:43]} Re8
{[%clk 0:14:50]} 8. b3 {[%clk 0:09:47]} a5 {[%clk 0:13:29]} 9. a3
{[%clk 0:09:50]} Nbd7 {[%clk 0:13:23]} 10. Bb2 {[%clk 0:09:59]} Qc7
{[%clk 0:13:14]} 11. Qe2 {[%clk 0:09:49]} d4 {[%clk 0:13:09]} 12. Bh3
{[%clk 0:08:37]} a4 {[%clk 0:13:12]} 13. b4 {[%clk 0:08:43]} c5 {[%clk 0:13:20]}
14. b5 {[%clk 0:07:42]} Nb6 {[%clk 0:13:13]} 15. Bxc8 {[%clk 0:07:26]} Rexc8
{[%clk 0:12:57]} 16. Nc4 {[%clk 0:07:32]} Nxc4 {[%clk 0:12:41]} 17. dxc4
{[%clk 0:07:41]} Qd7 {[%clk 0:12:49]} 18. Nd2 {[%clk 0:06:11]} Qh3
{[%clk 0:12:48]} 19. f3 {[%clk 0:06:03]} Bf8 {[%clk 0:12:57]} 20. Rf2
{[%clk 0:04:51]} Ne8 {[%clk 0:12:53]} 21. Qd3 {[%clk 0:04:30]} Nd6
{[%clk 0:12:59]} 22. f4 {[%clk 0:04:40]} Re8 {[%clk 0:12:37]} 23. Re1
{[%clk 0:03:07]} exf4 {[%clk 0:12:01]} 24. gxf4 {[%clk 0:03:13]} Qg4+
{[%clk 0:11:50]} 25. Kh1 {[%clk 0:03:19]} Qh4 {[%clk 0:11:49]} 26. Ref1
{[%clk 0:03:08]} g6 {[%clk 0:10:17]} 27. e5 {[%clk 0:02:53]} Nf5 {[%clk 0:10:26]}
28. Ne4 {[%clk 0:03:03]} Bg7 {[%clk 0:10:03]} 29. Nxc5 {[%clk 0:02:56]} Ne3 30.
Bxd4 Nxf1 {[%clk 0:10:12]} 31. Qxf1 {[%clk 0:03:15]} Rad8 {[%clk 0:09:56]} 32. c3
{[%clk 0:03:24]} Qe7 {[%clk 0:09:30]} 33. Ne4 {[%clk 0:03:16]} Qxa3 34. c5 Qb3
{[%clk 0:09:17]} 35. Nd6 {[%clk 0:03:25]} Rf8 {[%clk 0:09:19]} 36. Qc4
{[%clk 0:03:12]} Ra8 {[%clk 0:06:07]} 37. Qxb3 {[%clk 0:02:18]} axb3
{[%clk 0:06:16]} 38. Rb2 {[%clk 0:02:28]} Ra1+ {[%clk 0:06:03]} 39. Kg2
{[%clk 0:01:30]} Ra2 40. Rxa2 bxa2 {[%clk 0:06:21]} 41. c4 {[%clk 0:01:49]} f6
{[%clk 0:06:21]} 42. c6 {[%clk 0:01:40]} bxc6 {[%clk 0:04:32]} 43. bxc6
{[%clk 0:01:44]} Bh6 {[%clk 0:04:36]} 44. exf6 {[%clk 0:00:51]} Bxf4
{[%clk 0:04:41]} 45. c5 {[%clk 0:00:34]} Ra8 {[%clk 0:02:24]} 46. c7
{[%clk 0:00:31]} Be3 {[%clk 0:02:10]} 47. f7+ {[%clk 0:00:39]} Kf8
{[%clk 0:02:20]} 48. Bxe3 {[%clk 0:00:47]} a1=Q {[%clk 0:02:22]} 49. Bh6+
{[%clk 0:00:56]} Ke7 {[%clk 0:02:31]} 50. f8=Q+ {[%clk 0:01:04]} Rxf8
{[%clk 0:02:36]} 51. Bxf8+ {[%clk 0:01:11]} Kf6 {[%clk 0:02:32]} 52. Ne4+
{[%clk 0:01:18]} Kf7 {[%clk 0:01:57]} 53. c8=Q {[%clk 0:01:08]} Qa2+
{[%clk 0:02:06]} 54. Kh3 {[%clk 0:01:17]} Qb3+ {[%clk 0:02:06]} 55. Ng3
{[%clk 0:01:26]} h5 {[%clk 0:02:09]} 56. Bh6 {[%clk 0:01:16]} Qa4
{[%clk 0:01:58]} 57. Qc7+ {[%clk 0:01:19]} Ke6 {[%clk 0:02:05]} 58. Qd6+
{[%clk 0:01:25]} Kf7 {[%clk 0:02:14]} 59. Qf4+ {[%clk 0:01:19]} Ke6
{[%clk 0:02:18]} 60. Qxa4 {[%clk 0:01:27]} 1-0

[Event "Rapid 2018"]
[Site "Saint-Petersburg"]
[Date "2018.12.28"]
[Round "14"]
[Board "95"]
[White "Zubritskiy Artyom (RUS)"]
[Black "Mamatov Melis (KGZ)"]
[Result "1-0"]
[BlackElo "2234"]
[WhiteElo "2397"]
[LiveChessVersion "1.4.8"]

1. c4 {[%clk 0:15:18]} c6 {[%clk 0:15:17]} 2. g3 {[%clk 0:15:27]} d5
{[%clk 0:15:24]} 3. Bg2 {[%clk 0:15:36]} Nf6 {[%clk 0:15:31]} 4. Nf3
{[%clk 0:15:44]} Bf5 {[%clk 0:15:35]} 5. b3 {[%clk 0:15:13]} e6 {[%clk 0:15:32]}
6. O-O {[%clk 0:15:15]} Nbd7 {[%clk 0:15:39]} 7. d3 {[%clk 0:15:10]} h6
{[%clk 0:15:42]} 8. Bb2 {[%clk 0:15:19]} Be7 {[%clk 0:15:47]} 9. Nbd2
{[%clk 0:15:26]} O-O {[%clk 0:15:50]} 10. Qc2 {[%clk 0:15:17]} a5
{[%clk 0:15:57]} 11. a3 {[%clk 0:14:55]} Bg6 {[%clk 0:15:48]} 12. Rad1
{[%clk 0:14:51]} b5 {[%clk 0:15:48]} 13. Nd4 {[%clk 0:06:55]} Qb6
{[%clk 0:15:28]} 14. cxd5 {[%clk 0:07:01]} cxd5 {[%clk 0:15:24]} 15. Qc6
{[%clk 0:07:06]} b4 {[%clk 0:14:32]} 16. Qxb6 {[%clk 0:07:00]} Nxb6
{[%clk 0:14:38]} 17. Nc6 {[%clk 0:06:27]} Bd6 {[%clk 0:14:18]} 18. a4
{[%clk 0:06:04]} Rfc8 {[%clk 0:14:06]} 19. Rc1 {[%clk 0:06:12]} Nbd7
{[%clk 0:13:47]} 20. Rc2 {[%clk 0:05:36]} Kf8 {[%clk 0:09:06]} 21. Rfc1
{[%clk 0:05:41]} Ke8 {[%clk 0:09:11]} 22. Nxb4 {[%clk 0:05:36]} Nc5
{[%clk 0:06:42]} 23. Na2 {[%clk 0:04:39]} Kd7 {[%clk 0:06:20]} 24. Bd4
{[%clk 0:03:35]} Na6 {[%clk 0:05:20]} 25. Rxc8 {[%clk 0:03:44]} Rxc8
{[%clk 0:05:29]} 26. Rxc8 {[%clk 0:03:52]} Kxc8 {[%clk 0:05:38]} 27. Bc3
{[%clk 0:02:16]} Bb4 {[%clk 0:04:50]} 28. Nxb4 {[%clk 0:02:14]} axb4
{[%clk 0:04:59]} 29. Bd4 {[%clk 0:02:01]} Ne8 {[%clk 0:05:08]} 30. e4
{[%clk 0:01:42]} f6 {[%clk 0:04:26]} 31. Bh3 {[%clk 0:01:41]} f5 {[%clk 0:02:07]}
32. exd5 {[%clk 0:01:50]} exd5 {[%clk 0:02:16]} 33. Nf1 {[%clk 0:01:29]} Kd7
{[%clk 0:01:56]} 34. Ne3 {[%clk 0:01:37]} Ke6 {[%clk 0:02:05]} 35. Kf1
{[%clk 0:00:39]} Bh7 {[%clk 0:02:09]} 36. Ke2 {[%clk 0:00:18]} g6
{[%clk 0:02:18]} 37. f4 {[%clk 0:00:17]} Bg8 {[%clk 0:02:17]} 38. g4
{[%clk 0:00:21]} Bh7 {[%clk 0:00:39]} 39. Kd2 {[%clk 0:00:23]} Nec7
{[%clk 0:00:32]} 40. gxf5+ {[%clk 0:00:15]} gxf5 {[%clk 0:00:41]} 41. Nc2
{[%clk 0:00:22]} Bg6 {[%clk 0:00:43]} 42. Bg7 {[%clk 0:00:30]} Nc5
{[%clk 0:00:48]} 43. Nd4+ {[%clk 0:00:38]} Kf7 {[%clk 0:00:42]} 44. Bxh6
{[%clk 0:00:46]} N7e6 {[%clk 0:00:24]} 45. Nxe6 {[%clk 0:00:51]} Kxe6
{[%clk 0:00:33]} 46. Kc2 {[%clk 0:00:52]} Kd7 {[%clk 0:00:30]} 47. Bf8
{[%clk 0:00:58]} Ne6 {[%clk 0:00:38]} 48. Bxb4 {[%clk 0:01:02]} Nxf4
{[%clk 0:00:47]} 49. Bf1 {[%clk 0:01:11]} Ne6 {[%clk 0:00:34]} 50. Bc3
{[%clk 0:01:05]} d4 {[%clk 0:00:32]} 51. Be1 {[%clk 0:01:07]} f4 {[%clk 0:00:41]}
52. Bh3 {[%clk 0:00:51]} Kd6 {[%clk 0:00:44]} 53. Bxe6 {[%clk 0:00:41]} Kxe6
{[%clk 0:00:54]} 54. Bf2 {[%clk 0:00:48]} Kd5 {[%clk 0:00:59]} 55. b4
{[%clk 0:00:56]} f3 {[%clk 0:01:02]} 56. h4 {[%clk 0:00:55]} Be8 {[%clk 0:00:53]}
57. a5 {[%clk 0:01:03]} 1-0

[Event "Rapid 2018"]
[Site "Saint-Petersburg"]
[Date "2018.12.28"]
[Round "14"]
[Board "96"]
[White "Masrahi Abdulrahman A (KSA)"]
[Black "Hirneise Tobias (GER)"]
[Result "0-1"]
[BlackElo "2415"]
[WhiteElo "1878"]
[LiveChessVersion "1.4.8"]

1. d4 {[%clk 0:15:18]} Nf6 {[%clk 0:15:19]} 2. Bf4 {[%clk 0:15:27]} g6
{[%clk 0:15:28]} 3. e3 {[%clk 0:15:36]} Bg7 {[%clk 0:15:37]} 4. Nf3
{[%clk 0:15:44]} O-O {[%clk 0:15:45]} 5. Be2 {[%clk 0:15:53]} d6 {[%clk 0:15:53]}
6. h3 {[%clk 0:16:01]} c5 {[%clk 0:16:00]} 7. c3 {[%clk 0:16:10]} Be6
{[%clk 0:16:08]} 8. O-O {[%clk 0:14:57]} Qb6 {[%clk 0:16:17]} 9. Qc1
{[%clk 0:15:06]} Rc8 {[%clk 0:16:13]} 10. Nbd2 {[%clk 0:15:11]} cxd4
{[%clk 0:16:13]} 11. exd4 {[%clk 0:15:19]} Nd5 {[%clk 0:16:22]} 12. Be3
{[%clk 0:15:12]} Nxe3 {[%clk 0:16:23]} 13. fxe3 {[%clk 0:15:20]} h6
{[%clk 0:16:14]} 14. Kh1 {[%clk 0:15:03]} Nc6 {[%clk 0:15:45]} 15. Ne4
{[%clk 0:13:13]} f5 {[%clk 0:14:54]} 16. Ng3 {[%clk 0:12:59]} Rf8
{[%clk 0:14:54]} 17. Qd2 {[%clk 0:13:04]} d5 {[%clk 0:14:56]} 18. Bd3
{[%clk 0:12:59]} Qc7 {[%clk 0:14:52]} 19. Rae1 {[%clk 0:12:35]} Qxg3
{[%clk 0:14:51]} 0-1

[Event "Rapid 2018"]
[Site "Saint-Petersburg"]
[Date "2018.12.28"]
[Round "14"]
[Board "97"]
[White "Ahmed Hassan Abdillahi (DJI)"]
[Black "Gurvich Vitaly (RUS)"]
[Result "0-1"]
[BlackElo "2255"]
[WhiteElo "1570"]
[LiveChessVersion "1.4.8"]

1. d4 {[%clk 0:15:18]} Nf6 {[%clk 0:15:19]} 2. c4 {[%clk 0:15:26]} e6
{[%clk 0:15:27]} 3. Nf3 {[%clk 0:15:32]} Bb4+ {[%clk 0:15:36]} 4. Nc3
{[%clk 0:15:37]} b6 {[%clk 0:15:44]} 5. a3 {[%clk 0:15:42]} Bxc3+
{[%clk 0:15:52]} 6. bxc3 {[%clk 0:15:49]} Bb7 {[%clk 0:16:01]} 7. Bg5
{[%clk 0:15:51]} h6 {[%clk 0:16:09]} 8. Bh4 {[%clk 0:15:59]} d6 {[%clk 0:16:17]}
9. e3 {[%clk 0:16:05]} Nbd7 {[%clk 0:16:24]} 10. Bd3 {[%clk 0:16:10]} g5
{[%clk 0:16:30]} 11. Bg3 {[%clk 0:16:17]} Ne4 {[%clk 0:16:38]} 12. Qc2
{[%clk 0:16:19]} f5 {[%clk 0:16:43]} 13. O-O {[%clk 0:16:20]} Qe7
{[%clk 0:16:49]} 14. Nd2 {[%clk 0:16:17]} Ndf6 {[%clk 0:16:46]} 15. h3
{[%clk 0:16:08]} O-O-O {[%clk 0:16:37]} 16. a4 {[%clk 0:16:12]} a5
{[%clk 0:16:45]} 17. Nb3 {[%clk 0:16:00]} Nxg3 {[%clk 0:16:34]} 18. fxg3
{[%clk 0:16:07]} h5 {[%clk 0:16:42]} 19. c5 {[%clk 0:16:15]} dxc5
{[%clk 0:16:47]} 20. dxc5 {[%clk 0:16:16]} Ne4 {[%clk 0:15:38]} 21. cxb6
{[%clk 0:16:12]} cxb6 {[%clk 0:15:47]} 22. Nd4 {[%clk 0:16:19]} h4
{[%clk 0:15:30]} 23. g4 {[%clk 0:16:10]} Ng3 {[%clk 0:15:18]} 24. Rf2
{[%clk 0:16:12]} fxg4 {[%clk 0:15:18]} 25. hxg4 {[%clk 0:16:19]} h3
{[%clk 0:15:16]} 26. gxh3 {[%clk 0:16:27]} Rxh3 {[%clk 0:15:19]} 27. Nxe6
{[%clk 0:16:30]} Rh1# {[%clk 0:15:22]} 0-1

[Event "Rapid 2018"]
[Site "Saint-Petersburg"]
[Date "2018.12.28"]
[Round "14"]
[Board "98"]
[White "Vorotnikov Vladislav V (RUS)"]
[Black "Al Thebaiti Ahmed M (KSA)"]
[Result "1/2-1/2"]
[BlackElo "1826"]
[WhiteElo "2267"]
[LiveChessVersion "1.4.8"]

1. e4 {[%clk 0:15:18]} d5 {[%clk 0:14:05]} 2. Nc3 {[%clk 0:15:06]} d4
{[%clk 0:14:10]} 3. Nce2 {[%clk 0:15:09]} e5 {[%clk 0:14:14]} 4. Ng3
{[%clk 0:15:13]} c5 {[%clk 0:13:07]} 5. Bc4 {[%clk 0:15:17]} Bd6 {[%clk 0:13:08]}
6. d3 {[%clk 0:15:14]} Nf6 {[%clk 0:13:07]} 7. Nf3 {[%clk 0:14:42]} O-O
{[%clk 0:13:11]} 8. O-O {[%clk 0:14:47]} Nc6 {[%clk 0:13:10]} 9. a4
{[%clk 0:14:31]} Be6 {[%clk 0:11:16]} 10. Nd2 {[%clk 0:14:23]} Bxc4
{[%clk 0:11:19]} 11. Nxc4 {[%clk 0:14:32]} Re8 {[%clk 0:10:02]} 12. Nf5
{[%clk 0:14:24]} Bf8 {[%clk 0:10:06]} 13. f4 {[%clk 0:14:11]} g6 {[%clk 0:08:02]}
14. fxe5 {[%clk 0:13:41]} Nxe5 {[%clk 0:08:07]} 15. Nxe5 {[%clk 0:13:35]} Rxe5
{[%clk 0:08:09]} 16. Bf4 {[%clk 0:13:26]} Re6 {[%clk 0:08:01]} 17. Nh6+
{[%clk 0:13:14]} Bxh6 {[%clk 0:06:58]} 18. Bxh6 {[%clk 0:13:22]} Qd7
{[%clk 0:06:42]} 19. b3 {[%clk 0:13:20]} Ne8 {[%clk 0:06:31]} 20. Qg4
{[%clk 0:13:01]} Rd6 {[%clk 0:06:01]} 21. Qg3 {[%clk 0:12:57]} b6
{[%clk 0:04:19]} 22. Rf3 {[%clk 0:12:24]} Rf6 {[%clk 0:03:39]} 23. Raf1
{[%clk 0:11:49]} Rxf3 {[%clk 0:03:43]} 24. Rxf3 {[%clk 0:11:51]} Rc8
{[%clk 0:02:45]} 25. h4 {[%clk 0:11:29]} Rc6 {[%clk 0:02:29]} 26. h5
{[%clk 0:11:19]} Rf6 {[%clk 0:01:48]} 27. Rxf6 {[%clk 0:10:50]} Nxf6
{[%clk 0:01:56]} 28. Qb8+ {[%clk 0:10:50]} Ne8 {[%clk 0:01:52]} 29. Qe5
{[%clk 0:10:20]} f6 {[%clk 0:01:39]} 30. Qg3 {[%clk 0:09:57]} Kf7
{[%clk 0:01:34]} 31. hxg6+ {[%clk 0:09:49]} hxg6 {[%clk 0:01:43]} 32. Bf4
{[%clk 0:09:45]} Ng7 {[%clk 0:01:44]} 33. Bb8 {[%clk 0:09:38]} Ne6
{[%clk 0:01:28]} 34. Qh2 {[%clk 0:09:18]} Kg7 {[%clk 0:01:28]} 35. Qd6
{[%clk 0:08:50]} Qxd6 {[%clk 0:01:30]} 36. Bxd6 {[%clk 0:08:58]} Nd8
{[%clk 0:01:38]} 37. a5 {[%clk 0:08:42]} Nb7 {[%clk 0:01:17]} 38. axb6
{[%clk 0:07:29]} axb6 {[%clk 0:01:25]} 39. Bc7 {[%clk 0:07:38]} b5
{[%clk 0:01:35]} 40. Kf2 Kf7 41. Kf3 {[%clk 0:07:12]} Ke6 {[%clk 0:01:53]} 42.
Bb6 {[%clk 0:05:42]} Ke5 {[%clk 0:01:27]} 43. g3 {[%clk 0:04:37]} b4
{[%clk 0:00:57]} 44. Bc7+ {[%clk 0:04:33]} Ke6 {[%clk 0:01:04]} 45. Kf4
{[%clk 0:04:31]} Kd7 {[%clk 0:00:58]} 46. e5 {[%clk 0:02:33]} f5 {[%clk 0:00:23]}
47. Bb8 {[%clk 0:02:01]} Ke6 {[%clk 0:00:16]} 48. Kg5 {[%clk 0:01:53]} Kf7
{[%clk 0:00:13]} 49. Bc7 1/2-1/2

[Event "Rapid 2018"]
[Site "Saint-Petersburg"]
[Date "2018.12.28"]
[Round "14"]
[Board "99"]
[White "Khayat Abdullah F (KSA)"]
[Black "Dubrovin Robert (EST)"]
[Result "0-1"]
[BlackElo "2315"]
[WhiteElo "1819"]
[LiveChessVersion "1.4.8"]

1. d4 {[%clk 0:14:01]} Nf6 {[%clk 0:15:19]} 2. c4 {[%clk 0:14:09]} g6
{[%clk 0:15:28]} 3. Nc3 Bg7 4. e4 {[%clk 0:14:22]} d6 {[%clk 0:15:47]} 5. Nf3
{[%clk 0:14:22]} O-O {[%clk 0:15:56]} 6. Be2 {[%clk 0:14:23]} Nbd7
{[%clk 0:16:05]} 7. O-O e5 8. dxe5 {[%clk 0:14:34]} dxe5 {[%clk 0:16:22]} 9. Qc2
{[%clk 0:14:34]} c6 {[%clk 0:16:31]} 10. Be3 {[%clk 0:14:35]} Qe7
{[%clk 0:16:32]} 11. Rfd1 {[%clk 0:14:36]} a5 {[%clk 0:16:20]} 12. a4
{[%clk 0:14:22]} Nc5 {[%clk 0:16:09]} 13. Rd2 {[%clk 0:13:52]} h6
{[%clk 0:14:10]} 14. h3 {[%clk 0:13:40]} Nh5 {[%clk 0:14:06]} 15. Rad1
{[%clk 0:13:01]} Nf4 {[%clk 0:13:42]} 16. Bf1 {[%clk 0:10:43]} Re8
{[%clk 0:13:24]} 17. Rd6 {[%clk 0:09:28]} Nfe6 {[%clk 0:13:00]} 18. Qc1
{[%clk 0:08:49]} Nb3 {[%clk 0:12:06]} 19. Qc2 {[%clk 0:08:45]} Nbd4
{[%clk 0:11:56]} 20. Bxd4 {[%clk 0:07:05]} exd4 {[%clk 0:11:53]} 21. Rxe6
{[%clk 0:05:10]} Bxe6 {[%clk 0:11:45]} 22. Nxd4 {[%clk 0:05:13]} Rad8
{[%clk 0:11:28]} 23. Nxe6 {[%clk 0:05:19]} Qxe6 {[%clk 0:11:35]} 24. Rxd8
{[%clk 0:05:14]} Rxd8 {[%clk 0:11:44]} 25. f3 {[%clk 0:05:20]} Qd6
{[%clk 0:11:35]} 26. Qb3 {[%clk 0:05:10]} Qc5+ {[%clk 0:11:44]} 27. Kh1
{[%clk 0:05:02]} Qf2 {[%clk 0:11:44]} 28. Be2 {[%clk 0:04:51]} Qe1+
{[%clk 0:11:52]} 29. Kh2 {[%clk 0:04:52]} Be5+ {[%clk 0:12:01]} 0-1